Divine life (Record no. 94211)
[ view plain ]
| 000 -LEADER | |
|---|---|
| fixed length control field | 00421nam a22001457a 4500 |
| 005 - DATE AND TIME OF LATEST TRANSACTION | |
| control field | 20150610171124.0 |
| 008 - FIXED-LENGTH DATA ELEMENTS--GENERAL INFORMATION | |
| fixed length control field | 150610b xxu||||| |||| 00| 0 eng d |
| 037 ## - SOURCE OF ACQUISITION | |
| Source of stock number/acquisition | DPL /Pub |
| 245 ## - TITLE STATEMENT | |
| Title | Divine life |
| 260 ## - PUBLICATION, DISTRIBUTION, ETC. (IMPRINT) | |
| Place of publication, distribution, etc | Uttarakhand |
| Name of publisher, distributor, etc | The Divine Life Trust Society |
| Date of publication, distribution, etc | 2015 |
| 300 ## - PHYSICAL DESCRIPTION | |
| Extent | v. |
| Dimensions | 24 cm |
| 310 ## - CURRENT PUBLICATION FREQUENCY | |
| Current publication frequency | Monthly |
| 270 ## - ADDRESS | |
| City | Uttarakhand |
| Postal code | 249192 |
| Address | Post Office Shivanandanagar,Dt.Tehri Garhwal, |
| 942 ## - ADDED ENTRY ELEMENTS (KOHA) | |
| Source of classification or shelving scheme | Dewey Decimal Classification |
| Item type | Periodicals |
| Serial record | 1 |
| Call number suffix | DIV |
| Withdrawn status | Lost status | Source of classification or shelving scheme | Damaged status | Not for loan | Collection code | Home library | Current library | Date acquired | Total Checkouts | Full call number | Date last seen | Price effective from | Koha item type |
|---|---|---|---|---|---|---|---|---|---|---|---|---|---|
| Dewey Decimal Classification | Not For Loan | Non-fiction | D.B.Act.Division | D.B.Act.Division | 10/06/2015 | DIV | 10/06/2015 | 10/06/2015 | Periodicals |
